000 00995cam a2200325 a 4500
001 16627644
005 20170105102919.0
008 110128s2011 nyuaf b 001 0 eng
010 _a 2011921821
020 _a9781610390217 (hardcover)
020 _z9780141038247 (P-bk.)
040 _aDLC
_cDLC
_dDLC
042 _apcc
043 _aa-pk---
050 0 0 _aDS389
_b.L54 2011
082 0 0 _a954.9105
_222
100 1 _aLieven, Anatol.
245 1 0 _aPakistan :
_ba hard country /
_cAnatol Lieven.
250 _a1st ed.
260 _aNew York :
_bPenguin books,
_c2012.
300 _aXV, 566:
_bill. ;
_c25 cm.
504 _aIncludes bibliographical references (p. 496-505) and index.
651 0 _aPakistan
_xPolitics and government
_y1988-
651 0 _aPakistan
_xSocial conditions
_y21st century.
651 0 _aPakistan
_xHistory.
906 _a7
_bcbc
_corignew
_d2
_eepcn
_f20
_gy-gencatlg
942 _2ddc
_cBK
999 _c15479
_d15479